Normal view
MARC view
- GHOSH, G.K
Entry Personal Name
001 - CONTROL NUMBER
- control field: 62248
003 - CONTROL NUMBER IDENTIFIER
- control field: NUST
005 - DATE AND TIME OF LATEST TRANSACTION
- control field: 20210628202915.0
008 - FIXED-LENGTH DATA ELEMENTS
- fixed length control field: 210628|| aca||aabn | a|a d
040 ## - CATALOGING SOURCE
- Original cataloging agency: NUST
- Transcribing agency: NUST
100 ## - HEADING--PERSONAL NAME
- Personal name: GHOSH, G.K
670 ## - SOURCE DATA FOUND
- Source citation: Work cat.: (NUST): GHOSH, G.K, SOLAR ENERGY ,THE INFINITE SOURCE, 1991
